000 00673nam a2200265Ia 4500
005 20260306153212.0
008 008 260114s9999 xx 000 0 eng d
020 _a9788323371625
037 _aEBOOK
040 _aCRL
040 _beng
040 _cCRL
041 _2eng
041 _aeng
084 _qCRL
100 _aSzczyrbak/Tereszkiewicz
_91124976
245 0 _aLanguages in Contact and Contrast
250 _a1st Ed
260 _bJagiellonian University Press
260 _c2023
650 _aLinguistics
856 _uhttps://www.cambridge.org/core/product/identifier/9788323371625/type/BOOK
942 _cEBOOK
999 _c1702550
_d1702550